[Event "FBL O"]
[Site "?"]
[Date "2019.01.12"]
[Round "6.6"]
[White "Oswald, Lena"]
[Black "Schiffer, Sabine"]
[Result "1-0"]
[WhiteElo "1675"]
[BlackElo "1781"]
[PlyCount "111"]
[EventDate "2018.10.27"]
[EventType "team-tourn"]
[EventCountry "GER"]
[WhiteTeam "Leipzig SG"]
[BlackTeam "Niederwiesa SV Gruen Weiss"]
[WhiteTeamCountry "GER"]
[BlackTeamCountry "GER"]

1. e4 c5 2. Nf3 Nc6 3. d4 cxd4 4. Nxd4 g6 5. Nxc6 bxc6 6. Qd4 f6 7. Bc4 Qb6 8.
Qd3 e5 9. O-O Bb7 10. Nc3 Qc7 11. Be3 Nh6 12. Rad1 Ng4 13. Bc1 Bh6 14. Qf3 Bxc1
15. Rxc1 Nh6 16. Qxf6 Rf8 17. Qh4 d5 18. Nxd5 cxd5 19. Bb5+ Kf7 20. Qxh6 Kg8
21. exd5 Bxd5 22. c4 Bb7 23. c5 Bxg2 24. Bc4+ Kh8 25. Kxg2 Qxc5 26. Bb3 Qb6 27.
Qe3 Qb7+ 28. Kg1 Qe7 29. Rc3 Rf4 30. Kh1 Raf8 31. Qg3 Qb7+ 32. Qg2 Qb6 33. Kg1
Qd4 34. Rg3 Qxb2 35. Rg4 R4f5 36. Rh4 g5 37. Rh5 Qd2 38. Qh3 Qd7 39. Bc2 R5f7
40. Qxd7 Rxd7 41. Rxg5 Rd2 42. Bb3 Re2 43. Kh1 h6 44. Rg2 e4 45. Kg1 Re8 46.
Rg3 e3 47. Rxe3 R2xe3 48. fxe3 Rxe3 49. Rf6 Re7 50. Rxh6+ Kg7 51. Rd6 Rb7 52.
Kf2 Kf8 53. Kg3 Rg7+ 54. Kf4 Ke7 55. Ra6 Kf8 56. h4 1-0

[Event "FBL O"]
[Site "?"]
[Date "2019.01.12"]
[Round "6.1"]
[White "Szczepkowska, Karina"]
[Black "Mucha, Annegret"]
[Result "1-0"]
[WhiteElo "2426"]
[BlackElo "2059"]
[PlyCount "167"]
[EventDate "2018.10.27"]
[EventType "team-tourn"]
[EventCountry "GER"]
[WhiteTeam "Leipzig SV Blauweiss Allianz"]
[BlackTeam "Zeulenroda SC Rochade"]
[WhiteTeamCountry "GER"]
[BlackTeamCountry "GER"]

1. d4 c6 2. c4 Nf6 3. Nc3 d5 4. Nf3 e6 5. e3 Be7 6. Qc2 b6 7. Bd3 dxc4 8. Bxc4
Ba6 9. Bxa6 Nxa6 10. Qa4 Qc8 11. Ne5 b5 12. Qb3 O-O 13. O-O b4 14. Ne2 Rb8 15.
Bd2 c5 16. Rac1 Qb7 17. f3 Rfc8 18. Kh1 Nd7 19. Nc4 Nb6 20. Na5 Qd5 21. e4 Qxb3
22. axb3 cxd4 23. Nxd4 Rxc1 24. Rxc1 Bc5 25. Ndc6 Ra8 26. Nb7 Bf8 27. Be3 Nc8
28. Rd1 Ne7 29. Nxa7 f5 30. g3 Rb8 31. Rd7 Ng6 32. Bd4 e5 33. Bf2 f4 34. Kg2
Re8 35. Nd6 Re7 36. Rd8 Rc7 37. Nc4 Kf7 38. Nb5 Rc6 39. Rd7+ Ke8 40. Ra7 Nc5
41. Nc7+ Kd8 42. Nd5 Nxb3 43. Ra8+ Rc8 44. Bb6+ Kd7 45. Ra7+ Kc6 46. Rc7+ Rxc7
47. Bxc7 fxg3 48. hxg3 Nc5 49. Nxe5+ Nxe5 50. Bxe5 Nd3 51. Bd4 Bc5 52. Bxg7
Ne1+ 53. Kh3 Nxf3 54. Kg4 Nd2 55. Kf5 Nc4 56. g4 b3 57. Bc3 Nd6+ 58. Kf4 Nb5
59. Bf6 Kd7 60. Nc3 Nd4 61. Na4 Ne6+ 62. Kf5 Be3 63. Be5 Ke7 64. Bc3 Kf7 65.
Ke5 Nf4 66. Kd6 Nd3 67. e5 Bf4 68. Nb6 Nf2 69. Kd7 Bg5 70. e6+ Kf8 71. Bd2 Bf6
72. g5 Be7 73. g6 hxg6 74. Bh6+ Kg8 75. Kxe7 Nd3 76. Nc4 Kh7 77. Be3 Kg7 78.
Bd4+ Kg8 79. Kd7 g5 80. e7 g4 81. e8=Q+ Kh7 82. Qh5+ Kg8 83. Qh8+ Kf7 84. Qg7#
1-0

[Event "FBL O"]
[Site "?"]
[Date "2019.01.12"]
[Round "6.2"]
[White "Skibbe, Diana"]
[Black "Schulz, Petra"]
[Result "0-1"]
[WhiteElo "2028"]
[BlackElo "2038"]
[PlyCount "98"]
[EventDate "2018.10.27"]
[EventType "team-tourn"]
[EventCountry "GER"]
[WhiteTeam "Zeulenroda SC Rochade"]
[BlackTeam "Leipzig SV Blauweiss Allianz"]
[WhiteTeamCountry "GER"]
[BlackTeamCountry "GER"]

1. f4 g6 2. Nf3 Bg7 3. g3 c5 4. Bg2 Nc6 5. O-O e6 6. e4 d6 7. c3 Qb6 8. d3 Nge7
9. h3 h5 10. Kh2 Bd7 11. Nbd2 Qc7 12. Rb1 a5 13. a4 O-O-O 14. Nb3 b6 15. Be3 f6
16. d4 Nb8 17. Nbd2 e5 18. b4 exd4 19. cxd4 axb4 20. Nc4 Be6 21. d5 Bf7 22. Qe2
Nd7 23. Rfc1 Kb8 24. Nfd2 Nc8 25. Nb2 Qb7 26. Ndc4 Rde8 27. Qc2 Re7 28. f5 gxf5
29. Bf4 Ne5 30. exf5 Bxd5 31. Rd1 Bxg2 32. Qxg2 Qxg2+ 33. Kxg2 Rd8 34. Nxe5
Rxe5 35. Bxe5 fxe5 36. Rf1 Bf6 37. Nd3 Ne7 38. g4 hxg4 39. hxg4 Rg8 40. Kf3 d5
41. Nf2 Nc6 42. Rfd1 e4+ 43. Kg3 Be5+ 44. Kh4 Bf4 45. Kh3 Rh8+ 46. Kg2 Rh2+ 47.
Kg1 Ne5 48. f6 e3 49. Nd3 Nf3+ 0-1

[Event "FBL O"]
[Site "?"]
[Date "2019.01.12"]
[Round "6.3"]
[White "Daemering, Katrin"]
[Black "Jacke, Corinna"]
[Result "1/2-1/2"]
[WhiteElo "2021"]
[BlackElo "1987"]
[PlyCount "24"]
[EventDate "2018.10.27"]
[EventType "team-tourn"]
[EventCountry "GER"]
[WhiteTeam "Leipzig SV Blauweiss Allianz"]
[BlackTeam "Zeulenroda SC Rochade"]
[WhiteTeamCountry "GER"]
[BlackTeamCountry "GER"]

1. e4 e6 2. d3 d5 3. Nd2 c5 4. g3 Nc6 5. Bg2 g6 6. Ngf3 Bg7 7. O-O d4 8. a4 e5
9. Ne1 Nge7 10. f4 O-O 11. Nef3 f6 12. Nc4 Be6 1/2-1/2

[Event "FBL O"]
[Site "?"]
[Date "2019.01.12"]
[Round "6.4"]
[White "Schott, Maria"]
[Black "Germann, Heike"]
[Result "1/2-1/2"]
[WhiteElo "1832"]
[BlackElo "2071"]
[PlyCount "35"]
[EventDate "2018.10.27"]
[EventType "team-tourn"]
[EventCountry "GER"]
[WhiteTeam "Zeulenroda SC Rochade"]
[BlackTeam "Leipzig SV Blauweiss Allianz"]
[WhiteTeamCountry "GER"]
[BlackTeamCountry "GER"]

1. Nf3 Nf6 2. c4 g6 3. Nc3 Bg7 4. e4 d6 5. d4 O-O 6. Be2 e5 7. O-O Nc6 8. d5
Ne7 9. b4 a5 10. Ba3 axb4 11. Bxb4 Nd7 12. g4 Nc5 13. h3 f5 14. Bxc5 dxc5 15.
Ng5 Rf6 16. Ne6 Bxe6 17. g5 Rf8 18. dxe6 1/2-1/2

[Event "FBL O"]
[Site "?"]
[Date "2019.01.12"]
[Round "6.5"]
[White "Just, Anita"]
[Black "Wagner, Victoria"]
[Result "1/2-1/2"]
[WhiteElo "1872"]
[BlackElo "1761"]
[PlyCount "72"]
[EventDate "2018.10.27"]
[EventType "team-tourn"]
[EventCountry "GER"]
[WhiteTeam "Leipzig SV Blauweiss Allianz"]
[BlackTeam "Zeulenroda SC Rochade"]
[WhiteTeamCountry "GER"]
[BlackTeamCountry "GER"]

1. e4 c5 2. Nf3 d6 3. d4 cxd4 4. Nxd4 Nf6 5. Nc3 a6 6. Be2 e5 7. Nb3 Be7 8. O-O
b5 9. f4 Bb7 10. Bf3 O-O 11. Kh1 b4 12. Nd5 Nxd5 13. exd5 Nd7 14. g4 Rb8 15.
Bg2 Ba8 16. Be3 Nb6 17. Qd3 a5 18. Rae1 exf4 19. Bxf4 Bg5 20. Bxg5 Qxg5 21. Rf5
Qd8 22. Rh5 h6 23. g5 Re8 24. Rxe8+ Qxe8 25. gxh6 Qe1+ 26. Qf1 Qxf1+ 27. Bxf1
Bxd5+ 28. Bg2 Bxg2+ 29. Kxg2 gxh6 30. Rxh6 Nc4 31. Nd4 Nxb2 32. Rxd6 Rc8 33.
Kf3 Nc4 34. Ra6 Na3 35. Rxa5 Nxc2 36. Nxc2 Rxc2 1/2-1/2

[Event "FBL O"]
[Site "?"]
[Date "2019.01.12"]
[Round "6.6"]
[White "Wagner, Margarethe"]
[Black "Kluge, Heidemarie"]
[Result "1/2-1/2"]
[WhiteElo "1693"]
[BlackElo "1937"]
[PlyCount "32"]
[EventDate "2018.10.27"]
[EventType "team-tourn"]
[EventCountry "GER"]
[WhiteTeam "Zeulenroda SC Rochade"]
[BlackTeam "Leipzig SV Blauweiss Allianz"]
[WhiteTeamCountry "GER"]
[BlackTeamCountry "GER"]

1. e4 c5 2. Nf3 Nc6 3. d4 cxd4 4. Nxd4 g6 5. c4 Bg7 6. Be3 Qb6 7. Nb5 Qa5+ 8.
N1c3 a6 9. Nd4 Nf6 10. Nxc6 dxc6 11. f3 Be6 12. Qc2 O-O 13. Be2 b5 14. cxb5
cxb5 15. O-O Rac8 16. a3 Nd7 1/2-1/2

[Event "FBL O"]
[Site "?"]
[Date "2019.01.12"]
[Round "6.1"]
[White "Reizniece Ozola, Dana"]
[Black "Ratay, Meike"]
[Result "1-0"]
[WhiteElo "2311"]
[BlackElo "2018"]
[PlyCount "75"]
[EventDate "2018.10.27"]
[EventType "team-tourn"]
[EventCountry "GER"]
[WhiteTeam "Loeberitz SG"]
[BlackTeam "Saalfeld MTV"]
[WhiteTeamCountry "GER"]
[BlackTeamCountry "GER"]

1. c4 c5 2. Nf3 Nf6 3. d4 cxd4 4. Nxd4 Nc6 5. Nc3 e6 6. Ndb5 a6 7. Nd6+ Bxd6 8.
Qxd6 Qe7 9. Bf4 Nh5 10. Qxe7+ Kxe7 11. Bg5+ f6 12. Be3 f5 13. O-O-O Nf6 14.
Bc5+ Kf7 15. f3 d5 16. e4 dxe4 17. fxe4 Nxe4 18. Nxe4 fxe4 19. Be2 e5 20. Rhf1+
Ke8 21. Kd2 Nd4 22. Bxd4 exd4 23. Rf4 e3+ 24. Kd3 Be6 25. Re4 Kd7 26. Kxd4 Rhe8
27. Rxe3 Kc7 28. Kc3 Rac8 29. Re1 Bf5 30. Bf3 Rxe3+ 31. Rxe3 b5 32. c5 Kd7 33.
b4 Rc7 34. Kd4 Be6 35. Bd5 Bf5 36. h3 Bg6 37. c6+ Kd8 38. Kc5 1-0

[Event "FBL O"]
[Site "?"]
[Date "2019.01.12"]
[Round "6.2"]
[White "Dietrich, Mareike"]
[Black "Otikova, Elina"]
[Result "0-1"]
[WhiteElo "1726"]
[BlackElo "2081"]
[PlyCount "68"]
[EventDate "2018.10.27"]
[EventType "team-tourn"]
[EventCountry "GER"]
[WhiteTeam "Saalfeld MTV"]
[BlackTeam "Loeberitz SG"]
[WhiteTeamCountry "GER"]
[BlackTeamCountry "GER"]

1. e4 e5 2. Nf3 Nc6 3. Bc4 Bc5 4. c3 Nf6 5. d4 exd4 6. cxd4 Bb4+ 7. Bd2 d5 8.
exd5 Nxd5 9. Nc3 Nb6 10. Qe2+ Be7 11. Bb5 O-O 12. O-O Bg4 13. Bxc6 bxc6 14.
Rfd1 Bd6 15. Qd3 Qd7 16. Bg5 h6 17. Bh4 Rab8 18. b3 Rfe8 19. Ne2 Nd5 20. Rac1
Bf5 21. Qd2 Qe6 22. Re1 Bb4 23. Nc3 Qc8 24. Ne5 Bxc3 25. Rxc3 Nxc3 26. Qxc3 Qa6
27. Qg3 Re6 28. Rc1 Rbe8 29. h3 Qxa2 30. Rxc6 Rxc6 31. Nxc6 Qb1+ 32. Kh2 Qe4
33. Qxc7 Qxh4 34. Ne7+ Rxe7 0-1

[Event "FBL O"]
[Site "?"]
[Date "2019.01.12"]
[Round "6.3"]
[White "Naumann, Nadine"]
[Black "Grund, Melanie"]
[Result "1-0"]
[WhiteElo "1963"]
[BlackElo "1732"]
[PlyCount "83"]
[EventDate "2018.10.27"]
[EventType "team-tourn"]
[EventCountry "GER"]
[WhiteTeam "Loeberitz SG"]
[BlackTeam "Saalfeld MTV"]
[WhiteTeamCountry "GER"]
[BlackTeamCountry "GER"]

1. e4 c5 2. d3 Nc6 3. g3 g6 4. Bg2 Bg7 5. f4 d6 6. Nf3 Nf6 7. O-O O-O 8. c3 Bd7
9. h3 b5 10. Be3 b4 11. Qc2 bxc3 12. bxc3 Ne8 13. Nbd2 Nc7 14. e5 Nd5 15. Bf2
Rb8 16. Nc4 Qc7 17. Nfd2 Nb6 18. Nxb6 axb6 19. d4 dxe5 20. fxe5 cxd4 21. cxd4
Rfc8 22. Be3 Qd8 23. Qb3 e6 24. Ne4 Na5 25. Qd3 Nc4 26. Bg5 Qf8 27. Nf6+ Bxf6
28. Bxf6 Bb5 29. Qb3 Qe8 30. Rf4 Na5 31. Qd1 Ba4 32. Qf1 Rc2 33. Rf2 Rbc8 34.
Be4 R2c3 35. Rf3 Rxf3 36. Qxf3 Bc6 37. Bg5 Bxe4 38. Qxe4 Qf8 39. Rf1 Rc3 40.
Qf4 Rc2 41. Bh6 Qd8 42. Qxf7+ 1-0

[Event "FBL O"]
[Site "?"]
[Date "2019.01.12"]
[Round "6.4"]
[White "Lorenz, Anouk"]
[Black "Giebel, Christine"]
[Result "1/2-1/2"]
[WhiteElo "1429"]
[BlackElo "1840"]
[PlyCount "26"]
[EventDate "2018.10.27"]
[EventType "team-tourn"]
[EventCountry "GER"]
[WhiteTeam "Saalfeld MTV"]
[BlackTeam "Loeberitz SG"]
[WhiteTeamCountry "GER"]
[BlackTeamCountry "GER"]

1. e4 e6 2. d4 d5 3. Bd3 dxe4 4. Bxe4 Nf6 5. Bf3 c5 6. Ne2 Nc6 7. c3 Qc7 8. Na3
a6 9. Bf4 Bd6 10. Bxd6 Qxd6 11. Nc4 Qe7 12. O-O Nd7 13. Re1 O-O 1/2-1/2

[Event "FBL O"]
[Site "?"]
[Date "2019.01.12"]
[Round "6.6"]
[White "Lorenz, Keana"]
[Black "Reiss, Viktoria"]
[Result "1/2-1/2"]
[WhiteElo "1454"]
[BlackElo "1406"]
[PlyCount "72"]
[EventDate "2018.10.27"]
[EventType "team-tourn"]
[EventCountry "GER"]
[WhiteTeam "Saalfeld MTV"]
[BlackTeam "Loeberitz SG"]
[WhiteTeamCountry "GER"]
[BlackTeamCountry "GER"]

1. e4 e6 2. d4 d5 3. Bd3 Nf6 4. e5 Nfd7 5. Bd2 c5 6. c3 Nc6 7. Be3 Qb6 8. Qd2
cxd4 9. cxd4 Nxd4 10. Bxh7 Bc5 11. Bd3 Nxe5 12. Be2 Nxe2 13. Nxe2 Bxe3 14. fxe3
Nc4 15. Qc3 Qxe3 16. Qxg7 Rf8 17. h4 Ne5 18. h5 Nd3+ 19. Kd1 Nf2+ 20. Ke1 Nxh1
21. h6 Qf2+ 22. Kd2 Qh4 23. Nbc3 Nf2 24. Rf1 Bd7 25. g3 Ne4+ 26. Nxe4 Qxe4 27.
h7 Ke7 28. h8=Q Rxh8 29. Rxf7+ Kd6 30. Rxd7+ Kc6 31. Rc7+ Kb6 32. Rxb7+ Ka6 33.
Qd7 Qc4 34. Rc7 Qb4+ 35. Kc2 Qe4+ 36. Kd2 Qb4+ 1/2-1/2

[Event "FBL O"]
[Site "?"]
[Date "2019.01.13"]
[Round "7.1"]
[White "Ulms, Sandra"]
[Black "Wong, Kar Yan"]
[Result "1-0"]
[WhiteElo "2152"]
[BlackElo "1755"]
[PlyCount "75"]
[EventDate "2018.10.27"]
[EventType "team-tourn"]
[EventCountry "GER"]
[WhiteTeam "Leipzig SG"]
[BlackTeam "Dresden USV TU"]
[WhiteTeamCountry "GER"]
[BlackTeamCountry "GER"]

1. d4 d5 2. Nf3 Nf6 3. c4 e6 4. Bg5 c5 5. e3 Qb6 6. Qb3 Qxb3 7. axb3 Ne4 8. Bf4
cxd4 9. Nxd4 Bb4+ 10. Ke2 a6 11. f3 Nc5 12. cxd5 exd5 13. Nc3 Be6 14. Na2 Nc6
15. Nxc6 Nxb3 16. Rd1 Bc5 17. Nd4 Bxd4 18. exd4 Rc8 19. Nc3 b5 20. Kf2 O-O 21.
Bd3 Nxd4 22. Bxh7+ Kxh7 23. Rxd4 Rc4 24. Rhd1 b4 25. Ne2 Rfc8 26. R4d2 f6 27.
Ra1 Ra8 28. Ra5 Bf7 29. b3 Rc6 30. Nd4 Rb6 31. Rc2 g5 32. Be3 Rd6 33. Rc6 Rxc6
34. Nxc6 Kg6 35. Bd4 Be8 36. Nxb4 Bb5 37. Ra2 Re8 38. Nxa6 1-0

[Event "FBL O"]
[Site "?"]
[Date "2019.01.13"]
[Round "7.2"]
[White "Klemke, Kassandra"]
[Black "Beltz, Franziska"]
[Result "0-1"]
[WhiteElo "1664"]
[BlackElo "2050"]
[PlyCount "54"]
[EventDate "2018.10.27"]
[EventType "team-tourn"]
[EventCountry "GER"]
[WhiteTeam "Dresden USV TU"]
[BlackTeam "Leipzig SG"]
[WhiteTeamCountry "GER"]
[BlackTeamCountry "GER"]

1. e4 c5 2. Nf3 d6 3. d4 cxd4 4. Nxd4 Nf6 5. Nc3 a6 6. Bg5 Nbd7 7. f4 h6 8. Bh4
Qb6 9. a3 e5 10. fxe5 dxe5 11. Nb3 Be7 12. Bf2 Qc7 13. Be2 b5 14. O-O Bb7 15.
Bf3 Rc8 16. Rc1 O-O 17. Qe2 Nb6 18. Nd2 Rfd8 19. Rfd1 Rxd2 20. Rxd2 Nc4 21. Nd5
Bxd5 22. exd5 e4 23. Rdd1 exf3 24. Qxf3 Nxb2 25. Re1 Nc4 26. Ra1 Bd6 27. h3 Nd2
0-1

[Event "FBL O"]
[Site "?"]
[Date "2019.01.13"]
[Round "7.3"]
[White "Halas, Julia"]
[Black "Hartmann, Anne"]
[Result "1-0"]
[WhiteElo "1896"]
[BlackElo "1790"]
[PlyCount "89"]
[EventDate "2018.10.27"]
[EventType "team-tourn"]
[EventCountry "GER"]
[WhiteTeam "Leipzig SG"]
[BlackTeam "Dresden USV TU"]
[WhiteTeamCountry "GER"]
[BlackTeamCountry "GER"]

1. d4 Nf6 2. c4 g6 3. Nc3 Bg7 4. e4 d6 5. Nf3 O-O 6. Be2 Nbd7 7. Be3 e5 8. O-O
Re8 9. d5 Nf8 10. Ne1 c6 11. Qc2 cxd5 12. cxd5 Bd7 13. f3 a6 14. Na4 Bxa4 15.
Qxa4 b5 16. Qd1 N6d7 17. a4 b4 18. a5 Nc5 19. Nd3 Nxd3 20. Qxd3 Nd7 21. Rfc1
Nb8 22. Qb3 f5 23. Qxb4 f4 24. Bf2 Qd7 25. Bb6 Rc8 26. Rxc8+ Qxc8 27. Qxd6 Nd7
28. Qc6 Qe8 29. Rc1 Bf8 30. Bc4 Kh8 31. Bb3 Be7 32. Ba4 Nf6 33. Qxe8+ Nxe8 34.
Bxe8 Rxe8 35. Rc6 Bb4 36. Bc7 Kg8 37. Rxa6 Rc8 38. Rc6 Ra8 39. a6 Kf7 40. Bxe5
g5 41. Kf1 Ke8 42. Ke2 Kd7 43. Rc7+ Kd8 44. Rb7 Bc5 45. Rb8+ 1-0

[Event "FBL O"]
[Site "?"]
[Date "2019.01.13"]
[Round "7.4"]
[White "Gottschall, Ina"]
[Black "Gempe, Anet"]
[Result "0-1"]
[WhiteElo "1645"]
[BlackElo "1968"]
[PlyCount "78"]
[EventDate "2018.10.27"]
[EventType "team-tourn"]
[EventCountry "GER"]
[WhiteTeam "Dresden USV TU"]
[BlackTeam "Leipzig SG"]
[WhiteTeamCountry "GER"]
[BlackTeamCountry "GER"]

1. d4 e6 2. c4 d5 3. Nc3 Nf6 4. Bg5 Be7 5. e3 h6 6. Bf4 O-O 7. cxd5 exd5 8. Bd3
c6 9. Qc2 Nbd7 10. h3 Re8 11. Nf3 Nf8 12. O-O Bd6 13. Ne2 Bxf4 14. Nxf4 Ne4 15.
Ne5 Nd6 16. Qe2 Qg5 17. Qh5 Qxh5 18. Nxh5 Bf5 19. Bxf5 Nxf5 20. g4 Nd6 21. Rfe1
Re7 22. Rac1 f6 23. Nd3 Ne6 24. Kg2 Rae8 25. Nhf4 Kf7 26. Nxe6 Rxe6 27. Rc2 Nb5
28. Kf1 Re4 29. Rce2 g5 30. a4 Nd6 31. f3 R4e7 32. b3 h5 33. Nc5 f5 34. Nd3
hxg4 35. hxg4 Rh8 36. Ne5+ Kg7 37. Kg2 fxg4 38. Nxg4 Nf5 39. e4 Nxd4 0-1

[Event "FBL O"]
[Site "?"]
[Date "2019.01.13"]
[Round "7.5"]
[White "Prausner, Carmen"]
[Black "Stockdreher, Diana"]
[Result "1-0"]
[WhiteElo "1920"]
[BlackElo "1477"]
[PlyCount "73"]
[EventDate "2018.10.27"]
[EventType "team-tourn"]
[EventCountry "GER"]
[WhiteTeam "Leipzig SG"]
[BlackTeam "Dresden USV TU"]
[WhiteTeamCountry "GER"]
[BlackTeamCountry "GER"]

1. e4 b6 2. d4 Bb7 3. Nc3 e6 4. Bd3 Bb4 5. Bd2 Bxc3 6. Bxc3 Ne7 7. Qg4 Ng6 8.
h4 Qf6 9. Ne2 h5 10. Qg3 d6 11. e5 dxe5 12. dxe5 Qe7 13. Bxg6 fxg6 14. Qxg6+
Qf7 15. Nf4 Bd5 16. Qxf7+ Kxf7 17. Nxd5 exd5 18. O-O-O Ke6 19. f4 Rf8 20. g3 c5
21. Bd2 Nc6 22. c3 a5 23. Rhg1 Kf5 24. Be3 Rad8 25. Kd2 Rfe8 26. Ke2 Re6 27.
Kf3 Rg6 28. a3 a4 29. Rd3 c4 30. Rd2 Ne7 31. Rdg2 b5 32. g4+ hxg4+ 33. Rxg4
Rxg4 34. Rxg4 Rg8 35. Bc5 Ke6 36. Bxe7 Kxe7 37. Rg6 1-0

[Event "FBL O"]
[Site "?"]
[Date "2019.01.13"]
[Round "7.1"]
[White "Lorenz, Nicole"]
[Black "Arnhold, Steffi"]
[Result "1/2-1/2"]
[WhiteElo "1927"]
[BlackElo "2047"]
[PlyCount "33"]
[EventDate "2018.10.27"]
[EventType "team-tourn"]
[EventCountry "GER"]
[WhiteTeam "Leipzig SC Lindenau"]
[BlackTeam "Niederwiesa SV Gruen Weiss"]
[WhiteTeamCountry "GER"]
[BlackTeamCountry "GER"]

1. e4 c5 2. Nf3 Nc6 3. Bb5 g6 4. Bxc6 dxc6 5. d4 cxd4 6. Qxd4 Qxd4 7. Nxd4 Bg7
8. c3 Bd7 9. a4 Nf6 10. f3 O-O 11. Be3 b6 12. Nd2 c5 13. Nc2 Bc6 14. O-O Nd7
15. Bg5 f6 16. Bh4 Ne5 17. b4 1/2-1/2

[Event "FBL O"]
[Site "?"]
[Date "2019.01.13"]
[Round "7.2"]
[White "Arnhold, Kerstin"]
[Black "Lowke, Kathrin"]
[Result "1/2-1/2"]
[WhiteElo "2032"]
[BlackElo "1876"]
[PlyCount "36"]
[EventDate "2018.10.27"]
[EventType "team-tourn"]
[EventCountry "GER"]
[WhiteTeam "Niederwiesa SV Gruen Weiss"]
[BlackTeam "Leipzig SC Lindenau"]
[WhiteTeamCountry "GER"]
[BlackTeamCountry "GER"]

1. e4 c5 2. Nf3 e6 3. d4 cxd4 4. Nxd4 a6 5. Bd3 Qc7 6. Qe2 Nf6 7. e5 Nd5 8. c3
Nc6 9. Nxc6 bxc6 10. O-O Bc5 11. b4 Be7 12. a3 c5 13. c4 Nb6 14. Bd2 Bb7 15.
Bc3 d5 16. bxc5 Bxc5 17. Nd2 dxc4 18. Bxc4 Nd5 1/2-1/2

[Event "FBL O"]
[Site "?"]
[Date "2019.01.13"]
[Round "7.3"]
[White "Spangenberg, Romy"]
[Black "Nobis, Martina"]
[Result "1/2-1/2"]
[WhiteElo "1866"]
[BlackElo "1886"]
[PlyCount "81"]
[EventDate "2018.10.27"]
[EventType "team-tourn"]
[EventCountry "GER"]
[WhiteTeam "Leipzig SC Lindenau"]
[BlackTeam "Niederwiesa SV Gruen Weiss"]
[WhiteTeamCountry "GER"]
[BlackTeamCountry "GER"]

1. e4 c5 2. Nf3 d6 3. d4 cxd4 4. Nxd4 a6 5. Nc3 Nf6 6. Be2 e6 7. Be3 Be7 8. O-O
O-O 9. f4 Nc6 10. Qe1 Qc7 11. Qg3 Rd8 12. Rad1 Nxd4 13. Bxd4 b5 14. a3 Bb7 15.
e5 Ne8 16. f5 dxe5 17. Bxe5 Qc5+ 18. Kh1 f6 19. Bf4 e5 20. Bh6 Kh8 21. Be3 Qc8
22. Bf3 Bxf3 23. Qxf3 Rb8 24. Nd5 Bc5 25. c3 Bxe3 26. Qxe3 Qb7 27. Nb4 Nd6 28.
Nd3 Nc4 29. Qe2 Qb6 30. Rf3 Qa7 31. Rh3 Qf7 32. Rf1 Kg8 33. Rff3 Nd6 34. Rf1
Rd7 35. Qg4 e4 36. Nf2 Qc4 37. Re1 e3 38. Rhxe3 Qxg4 39. Nxg4 Nxf5 40. Re6 Rbd8
41. Kg1 1/2-1/2

[Event "FBL O"]
[Site "?"]
[Date "2019.01.13"]
[Round "7.4"]
[White "Orlova, Liubov"]
[Black "Weimert, Miriam"]
[Result "0-1"]
[WhiteElo "2014"]
[BlackElo "1829"]
[PlyCount "122"]
[EventDate "2018.10.27"]
[EventType "team-tourn"]
[EventCountry "GER"]
[WhiteTeam "Niederwiesa SV Gruen Weiss"]
[BlackTeam "Leipzig SC Lindenau"]
[WhiteTeamCountry "GER"]
[BlackTeamCountry "GER"]

1. d4 d5 2. Nf3 Nf6 3. c4 c6 4. e3 a6 5. Bd3 Bg4 6. h3 Bh5 7. Nbd2 e6 8. a3 Bd6
9. Qc2 Nbd7 10. b4 Bg6 11. e4 dxe4 12. Nxe4 Nxe4 13. Bxe4 Bxe4 14. Qxe4 Nf6 15.
Qe2 b5 16. O-O O-O 17. Bg5 Rc8 18. Rad1 Be7 19. Rfe1 Re8 20. Ne5 Nd7 21. Bxe7
Qxe7 22. Qf3 Nxe5 23. dxe5 c5 24. cxb5 axb5 25. bxc5 Rxc5 26. Rb1 Rd5 27. Rb3
h6 28. Qe2 Qc5 29. Qe3 Qc7 30. Rc3 Qe7 31. Qc1 Red8 32. Rg3 Kh8 33. Rc3 Qe8 34.
Rc7 Rd3 35. Rc3 Qe7 36. Rxd3 Rxd3 37. Qc8+ Rd8 38. Qc3 Rd5 39. Re3 Qg5 40. Qc8+
Kh7 41. Qc2+ Kg8 42. Rc3 g6 43. Rc8+ Kg7 44. Rc3 Qxe5 45. Re3 Qd6 46. Qc3+ Kh7
47. Re1 Rg5 48. Qb4 Qxb4 49. axb4 Rd5 50. Re4 Kg7 51. g4 Kf6 52. Kg2 Ke7 53.
Kf3 Rd3+ 54. Ke2 Rxh3 55. Re5 h5 56. g5 Rh4 57. Rxb5 Rg4 58. Ke3 h4 59. Kf3 h3
60. Rb8 Rh4 61. Ra8 h2 0-1

[Event "FBL O"]
[Site "?"]
[Date "2019.01.13"]
[Round "7.5"]
[White "Herbrig, Marie Helen"]
[Black "Kindt, Ulrike"]
[Result "1-0"]
[WhiteElo "1873"]
[BlackElo "1771"]
[PlyCount "79"]
[EventDate "2018.10.27"]
[EventType "team-tourn"]
[EventCountry "GER"]
[WhiteTeam "Leipzig SC Lindenau"]
[BlackTeam "Niederwiesa SV Gruen Weiss"]
[WhiteTeamCountry "GER"]
[BlackTeamCountry "GER"]

1. d4 d5 2. Nf3 Nf6 3. Bf4 e6 4. e3 Bd6 5. Bg5 Nbd7 6. Bd3 c6 7. c3 h6 8. Bh4
e5 9. Bg3 Qe7 10. dxe5 Nxe5 11. Nxe5 Bxe5 12. Bh4 Bg4 13. Bxf6 Qxf6 14. Qxg4 h5
15. Qe2 O-O-O 16. Nd2 Bc7 17. Nf3 Rhe8 18. Nd4 g6 19. Qf3 Qe7 20. O-O Qe5 21.
g3 Qe7 22. c4 h4 23. cxd5 hxg3 24. hxg3 Rxd5 25. Bc4 Rd6 26. Qxf7 Qxf7 27. Bxf7
Rh8 28. Kg2 Rf6 29. Bc4 a6 30. Rh1 Rhf8 31. Raf1 Be5 32. Rh4 c5 33. Ne6 Re8 34.
Nxc5 Bxb2 35. Rb1 Ba3 36. Nxb7 Re7 37. Na5 Re5 38. Rh8+ Bf8 39. Bxa6+ Rxa6 40.
Rxf8+ 1-0

[Event "FBL O"]
[Site "?"]
[Date "2019.01.13"]
[Round "7.6"]
[White "Schiffer, Sabine"]
[Black "Spangenberg, Pia"]
[Result "1/2-1/2"]
[WhiteElo "1781"]
[BlackElo "1779"]
[PlyCount "32"]
[EventDate "2018.10.27"]
[EventType "team-tourn"]
[EventCountry "GER"]
[WhiteTeam "Niederwiesa SV Gruen Weiss"]
[BlackTeam "Leipzig SC Lindenau"]
[WhiteTeamCountry "GER"]
[BlackTeamCountry "GER"]

1. d4 d5 2. c4 e6 3. Nc3 Nf6 4. Bg5 Nbd7 5. e3 Be7 6. Nf3 O-O 7. Bd3 b6 8. O-O
Bb7 9. Re1 Ne4 10. Bxe7 Qxe7 11. cxd5 exd5 12. Nd2 f5 13. f3 Nd6 14. Qc2 g6 15.
b4 Nf6 16. b5 Rac8 1/2-1/2

[Event "FBL O"]
[Site "?"]
[Date "2019.01.13"]
[Round "7.1"]
[White "Ratay, Meike"]
[Black "Szczepkowska, Karina"]
[Result "0-1"]
[WhiteElo "2018"]
[BlackElo "2426"]
[PlyCount "52"]
[EventDate "2018.10.27"]
[EventType "team-tourn"]
[EventCountry "GER"]
[WhiteTeam "Saalfeld MTV"]
[BlackTeam "Leipzig SV Blauweiss Allianz"]
[WhiteTeamCountry "GER"]
[BlackTeamCountry "GER"]

1. e4 e5 2. Nf3 Nc6 3. Bb5 a6 4. Bxc6 dxc6 5. O-O Bg4 6. h3 h5 7. d3 Qf6 8.
Nbd2 g5 9. Re1 Be6 10. d4 g4 11. Nxe5 O-O-O 12. Nf1 gxh3 13. gxh3 Bxh3 14. Qf3
Qg7+ 15. Kh1 Be6 16. c3 Ne7 17. Ne3 Rg8 18. Bd2 Qg5 19. Qg2 Qh4+ 20. Qh2 Qxe4+
21. f3 Qh7 22. Rg1 Rxg1+ 23. Rxg1 f6 24. N5g4 Nd5 25. Rf1 Bd6 26. Qh4 Qd3 0-1

[Event "FBL O"]
[Site "?"]
[Date "2019.01.13"]
[Round "7.2"]
[White "Schulz, Petra"]
[Black "Dietrich, Mareike"]
[Result "1-0"]
[WhiteElo "2038"]
[BlackElo "1726"]
[PlyCount "53"]
[EventDate "2018.10.27"]
[EventType "team-tourn"]
[EventCountry "GER"]
[WhiteTeam "Leipzig SV Blauweiss Allianz"]
[BlackTeam "Saalfeld MTV"]
[WhiteTeamCountry "GER"]
[BlackTeamCountry "GER"]

1. e4 c5 2. Nf3 d6 3. d4 cxd4 4. Nxd4 Nf6 5. f3 a6 6. c4 Nbd7 7. Be3 Qc7 8. Nc3
g6 9. Be2 Bg7 10. O-O O-O 11. Qd2 Ne5 12. b3 Re8 13. Rfc1 h5 14. a4 h4 15. a5
h3 16. g3 Nh5 17. Nd5 Qd8 18. Nb6 Rb8 19. Ra2 Kh7 20. Qd1 f5 21. Nxc8 Qxc8 22.
exf5 gxf5 23. Qc2 Rf8 24. f4 Nc6 25. Nxc6 Qxc6 26. Bxh5 Bh6 27. Bg4 1-0